000 00744 a2200205 4500
005 20170203170032.0
008 151002b1972 ck gr|||| 00| 0 spa d
040 _aCO-BoUCM
_bspa
_cDavid Avila
_dDavid Avila
041 0 _aspa
100 _aCastellanos, Rafael Ramón
_971975
245 _aEl general Manuel Antonio López
_bilustre prócer y escritor payanés
260 _aBogotá (Colombia)
_bEditorial Kelly
_c1972
300 _a110 páginas
504 _aIncluye referencias bibliográficas
600 _aLópez, Manuel Antonio
_d1803-1891
_971976
650 _aGenerales
_zColombia
_vBiografías
_971903
690 _aHistoria de Colombia
_926508
942 _2DEWEY
_a21
_cLIBRO
_e1
_h923.5
_mL925C
999 _c301473
_d301473